Vista normal
Vista MARC
Entrada Materia (corporativa)
Número de registros utilizados en: 1
001 - CONTROL NUMBER
- control field: 158660
003 - CONTROL NUMBER IDENTIFIER
- control field: Co-BoUCM
005 - DATE AND TIME OF LATEST TRANSACTION
- control field: 20211110120321.0
008 - FIXED-LENGTH DATA ELEMENTS
- fixed length control field: 211110|| aca||aabn | a|a d
040 ## - CATALOGING SOURCE
- Original cataloging agency: Co-BoUCM
- Transcribing agency: Co-BoUCM
110 ## - HEADING--CORPORATE NAME
- Corporate name or jurisdiction name as entry element: Observatorio Universitario de Política Social y Calidad de Vida
670 ## - SOURCE DATA FOUND
- Source citation: Work cat.: (Co-BoUCM)34027: Seminario internacional el derecho a la salud y la equidad en los servicios de salud ( 2001 : abr. 27-28 Bogotá) 158658, ¿Equidad? el problema de la equidad financiera en salud, 2001